| 000 | 00837nam a2200253 a 4500 | ||
|---|---|---|---|
| 005 | 20200104041531.0 | ||
| 008 | 140121b1999 ck ||||| |||| 00| 0 spa d | ||
| 040 | _cCO-BoIH | ||
| 041 | _aspa | ||
| 044 | _ack | ||
| 090 |
_aIAvH _b00173 |
||
| 100 | 1 |
_aCampos, Diego _94304 |
|
| 110 |
_bInstituto de Investigación de Recursos Biológicos Alexander von Humboldt _9204 |
||
| 245 | 1 | 0 |
_aAnálisis de fallas de mercado y políticas con efectos negativos sobre la biodiversidad _bestudio de caso |
| 260 |
_aBogotá _bInstituto Alexander von Humboldt _c1999? |
||
| 300 |
_a286 p. _c28 cm. |
||
| 650 | 6 |
_aBiodiversidad _992204 |
|
| 650 | 4 |
_aIncentivos _930934 |
|
| 650 | 4 |
_aDesincentivos _94337 |
|
| 650 | 6 |
_aEconomía _930935 |
|
| 700 | 1 |
_aCastiblanco, Carmenza _94305 |
|
| 700 | 1 |
_aMoreno, Rocío del Pilar _94535 |
|
| 942 |
_cINFORME _2z _01 |
||
| 999 |
_c2357 _d2357 |
||